Statistics for City by Former Name

Click here to take the quiz!

General Stats

  • This quiz has been taken 125 times
  • The average score is 11 of 17

Answer Stats

FormerCurrent% Correct
PekingBeijing
97%
LeningradSt. Petersburg
95%
BombayMumbai
95%
ConstatntinopleIstanbul
94%
New AmsterdamNew York
92%
EdoTokyo
85%
SaigonHo Chi Minh City
84%
CalcuttaKolkata
83%
DanzigGdansk
71%
StalingradVolgograd
63%
MadrasChennai
59%
KristianiaOslo
52%
KönigsbergKaliningrad
45%
Alma-AtaAlmaty
42%
LutetiaParis
38%
SmyrnaIzmir
34%
PhiladelphiaAmman
8%

Score Distribution

Percentile by Number Answered

Percent of People with Each Score

Your Score History

You have not taken this quiz